000 00811cac a2200241 a 4500
003 Co-PeBPM
005 20260130153513.0
008 231129e1993||||ck abd||||||||||| ||spa||
020 _a9589129137
040 0 _aCo-PeBPM
_bspa
_cCo-PeBPM
_erda
041 _aspa
082 0 4 _a572.9861 S469
_222
100 1 _aCorrea, Francois
_eautor
245 1 0 _aLa selva humanizada
_b: Ecología alternativa en el tropico humedo Colombiano
_c/ Francois Correa
260 _aBogota, Colombia
_b: Instituto Colombiano de Antropología ICAN, FEN, CEREC
_c, 1993
300 _a255 páginas
_c; 21 centímetros
500 _aIncluye índice.
504 _aIncluye bibliografía.
650 1 4 _aAgricultura
_2LEMB
650 1 4 _aEcología de la selva lluviosa
_2LEMB
651 1 4 _aAmazonas (Colombia)
_2LEMB
942 _2ddc
_cBK
999 _c18197
_d18197